| 000 | 00511nam a2200181Ia 4500 | ||
|---|---|---|---|
| 008 | 191130s1967##################000#0#eng## | ||
| 040 |
_aACL _cACL |
||
| 082 | _a581.968012 MER | ||
| 100 | _aMerxmüller, Hermann | ||
| 245 |
_aProdromus einer Flora von Südwestafrika _cHermann Merxmüller |
||
| 260 |
_aLehre [Germany] _bJ. Cramer _c1967 |
||
| 300 | _aVarious Pagings, 24 cm | ||
| 650 | _aBotany | ||
| 650 | _aNamibia | ||
| 990 | _a87a7f4abac10000c488248b76d3f7929 | ||
| 991 | _a326036 | ||
| 999 |
_c284519 _d284519 |
||